<?xml version="1.0" encoding="UTF-8"?><?xml-stylesheet type="text/xsl" href="static/style.xsl"?><OAI-PMH xmlns="http://www.openarchives.org/OAI/2.0/" xmlns:xsi="http://www.w3.org/2001/XMLSchema-instance" xsi:schemaLocation="http://www.openarchives.org/OAI/2.0/ http://www.openarchives.org/OAI/2.0/OAI-PMH.xsd"><responseDate>2026-04-13T05:47:28Z</responseDate><request verb="GetRecord" identifier="oai:www.recercat.cat:2072/436427" metadataPrefix="marc">https://recercat.cat/oai/request</request><GetRecord><record><header><identifier>oai:recercat.cat:2072/436427</identifier><datestamp>2024-10-31T03:12:37Z</datestamp><setSpec>com_2072_98</setSpec><setSpec>col_2072_378192</setSpec></header><metadata><record xmlns="http://www.loc.gov/MARC21/slim" xmlns:dcterms="http://purl.org/dc/terms/" xmlns:xsi="http://www.w3.org/2001/XMLSchema-instance" xmlns:doc="http://www.lyncode.com/xoai" xsi:schemaLocation="http://www.loc.gov/MARC21/slim http://www.loc.gov/standards/marcxml/schema/MARC21slim.xsd">
   <leader>00925njm 22002777a 4500</leader>
   <datafield ind2=" " ind1=" " tag="042">
      <subfield code="a">dc</subfield>
   </datafield>
   <datafield ind2=" " ind1=" " tag="720">
      <subfield code="a">Ženko, Maja</subfield>
      <subfield code="e">author</subfield>
   </datafield>
   <datafield ind2=" " ind1=" " tag="720">
      <subfield code="a">Menga, Filippo</subfield>
      <subfield code="e">author</subfield>
   </datafield>
   <datafield ind2=" " ind1=" " tag="260">
      <subfield code="c">2019</subfield>
   </datafield>
   <datafield ind2=" " ind1=" " tag="520">
      <subfield code="a">This research was conducted with the support of the Secretariat of Universities and Research, Ministry of Economy and Knowledge, Government of Catalonia (AGAUR-FI grant).</subfield>
   </datafield>
   <datafield ind2=" " ind1=" " tag="520">
      <subfield code="a">Unidad de excelencia María de Maeztu MdM-2015-0552</subfield>
   </datafield>
   <datafield ind2=" " ind1=" " tag="520">
      <subfield code="a">Alterations of water flows resulting from the manifestation of powerful hydro-social imaginaries often produce an uneven distribution of burdens and benefits for different social groups or regions, reflecting their social and political power. Marginalized regions can suffer manufactured territorialized water scarcity, which disturbs the natural, economic and socio-political order of water users, and as this article shows, inevitably affects their psychological wellbeing. Set in the context of the surroundings of Lake Urmia in Iran, once one of the largest hypersaline lakes in the world and now a severely degraded ecosystem mainly as a result of water overuse in its watershed, this article explores how and through which pathways this manufactured water scarcity impacted the mental health of the water users in the region. The research findings reveal that alterations in this local hydro-social territory and the resulting biophysical, financial and social changes, as well as impacts on physical health of water users, relate to chronic psychological stress, social isolation, intra-community conflicts, despair, hopelessness, depression and anxiety.</subfield>
   </datafield>
   <datafield tag="653" ind2=" " ind1=" ">
      <subfield code="a">Hydro-social territories</subfield>
   </datafield>
   <datafield tag="653" ind2=" " ind1=" ">
      <subfield code="a">Mental health</subfield>
   </datafield>
   <datafield tag="653" ind2=" " ind1=" ">
      <subfield code="a">Lake Urmia</subfield>
   </datafield>
   <datafield tag="653" ind2=" " ind1=" ">
      <subfield code="a">Manufactured water scarcity</subfield>
   </datafield>
   <datafield tag="653" ind2=" " ind1=" ">
      <subfield code="a">Iran</subfield>
   </datafield>
   <datafield ind2="0" ind1="0" tag="245">
      <subfield code="a">Linking water scarcity to mental health : hydro-social interruptions in the Lake Urmia Basin, Iran</subfield>
   </datafield>
</record></metadata></record></GetRecord></OAI-PMH>